| 000 | 00491nam a22001577a 4500 | ||
|---|---|---|---|
| 999 |
_c18171 _d18171 |
||
| 008 | 200125b xxu||||| |||| 00| 0 eng d | ||
| 020 | _a0132560870 | ||
| 040 |
_aKABU _cKABU |
||
| 050 |
_aKF390.5 _b.C73 2013 c. 1 |
||
| 100 | _aCraig, Brian | ||
| 245 |
_aCyberlaw _bthe law of the internet and information technology _cBrian Craig |
||
| 260 |
_aBoston _bPearson _c2013 |
||
| 300 | _axvii, 262 p. | ||
| 650 |
_aInternet _xLaw and legislation _zUnited States |
||
| 942 |
_2lcc _cBK _hKF390.5 |
||